Valuation of licensed leisure property (including public houses, bars, nightclubs and restaurants) (Record no. 122138)
[ view plain ]
| 000 -LEADER | |
|---|---|
| fixed length control field | 02278nam a22002897a 4500 |
| 008 - FIXED-LENGTH DATA ELEMENTS--GENERAL INFORMATION | |
| fixed length control field | 250415t2025 xxk|||||o|||| 00| 0 eng d |
| 020 ## - INTERNATIONAL STANDARD BOOK NUMBER | |
| ISBN | 9781783215416 |
| 041 ## - LANGUAGE CODE | |
| Language code of text/sound track or separate title | eng |
| 110 ## - MAIN ENTRY--CORPORATE NAME | |
| Corporate author | Royal Institution of Chartered Surveyors |
| 245 ## - TITLE STATEMENT | |
| Title | Valuation of licensed leisure property (including public houses, bars, nightclubs and restaurants) |
| Medium | [Electronic resource] |
| 250 ## - EDITION | |
| Edition statement | 2nd |
| 260 ## - PUBLICATION INFORMATION | |
| Place of publication | London, |
| Publisher | Royal Institution of Chartered Surveyors, |
| Date | April 2025 |
| 300 ## - PHYSICAL DESCRIPTION | |
| Physical description | 40p. |
| 490 ## - SERIES TITLE | |
| Series statement | RICS Professional Standard |
| 520 ## - ABSTRACT | |
| Abstract | This UK professional standard covers the valuation of licensed leisure property (including public houses, bars, nightclubs and restaurants) and is effective from 1 June 2025.<br/><br/>The standard should be considered in conjunction with the current edition of Red Book Global Standards, particularly VPGA 4.<br/><br/>This standard replaces The capital and rental valuation of public houses, bars, restaurants and nightclubs in England and Wales (2010), which is now withdrawn.<br/><br/>This 2nd edition was developed through consultation with relevant industry stakeholders including tenants and owners of licensed leisure property, as well as industry groups and valuers.<br/><br/>In a specialist market such as licensed leisure property, the provision and consideration of professional advice can be complex and RICS recommends the use of a qualified professional.<br/><br/>Due to regulation relevant to certain parts of the market, it is recognised that this professional standard may also be of interest to non-valuation professionals. Therefore, an introductory section is included at the beginning of the standard specifically for this audience. <br/><br/> |
| 650 ## - KEYWORDS | |
| Keywords | LICENCED PREMISES |
| 650 ## - KEYWORDS | |
| Keywords | NIGHTCLUBS |
| 650 ## - KEYWORDS | |
| Keywords | PUBLIC HOUSES |
| 650 ## - KEYWORDS | |
| Keywords | RESTAURANTS |
| 650 ## - KEYWORDS | |
| Keywords | VALUATION |
| 651 ## - SUBJECT ADDED ENTRY--GEOGRAPHIC NAME | |
| Geographic name | England |
| 690 ## - BROAD SUBJECT | |
| Broad subject | Valuation |
| 9 (RLIN) | 6273 |
| 710 ## - ADDED CORPORATE NAME | |
| Added corporate author | Royal Institution of Chartered Surveyors |
| 856 ## - ONLINE RESOURCE | |
| Uniform Resource Identifier | <a href="https://www.rics.org/content/dam/ricsglobal/documents/standards/Valuation-of-licensed-leisure-properties_2nd-edition_April-2025.pdf">https://www.rics.org/content/dam/ricsglobal/documents/standards/Valuation-of-licensed-leisure-properties_2nd-edition_April-2025.pdf</a> |
| Public note | View the standard on RICS.org |
| 856 ## - ONLINE RESOURCE | |
| Uniform Resource Identifier | <a href="https://www.rics.org/profession-standards/consultations/valuation-of-licenced-leisure-property-2nd-edition">https://www.rics.org/profession-standards/consultations/valuation-of-licenced-leisure-property-2nd-edition</a> |
| Public note | Background and FAQs to the standard |
| 942 ## - ADDED ENTRY ELEMENTS (KOHA) | |
| Suppress in OPAC | Do not suppress in OPAC |
| Lost status | Damaged status | Not for loan | Current library | Shelving location | Date acquired | Total Checkouts | Full call number | Date last seen | Price effective from | Koha item type |
|---|---|---|---|---|---|---|---|---|---|---|
| Virtual | Online | 15/04/2025 | ONLINE PUBLICATION | 15/04/2025 | 15/04/2025 | Online material |